000 00485nam a2200133Ia 4500
008 220216s9999 xx 000 0 und d
100 _aBhagwan S S
245 0 _aStatic & Dynamic behaviour of silicone rubber based vibration isolator for aerospace applications
260 _bProceedings of the International Conference on Rubbers, Calcutta, December 12-14, 1997, Vol. II, pp. 233-236.
_c1997
700 _aJohn Baby
700 _aNarayanan E
700 _aPrabhakaran N
942 _cJS
999 _c69255
_d69255